| 000 | 00721nam a22001937a 4500 | ||
|---|---|---|---|
| 999 |
_c62819 _d62819 |
||
| 003 | Ge_BSU | ||
| 005 | 20250304160413.0 | ||
| 008 | 250304s1939 ge ||||| |||| 00| 0 geo d | ||
| 041 | _ageo | ||
| 080 | _a616.912 ა-64 | ||
| 100 |
_aანდრიაძე, ნ. _924443 |
||
| 245 |
_aყვავილი და ჩუტყვავილა / _cნ. ანდრიაძე. |
||
| 264 |
_aთბილისი : _bსაქმედგამი, _c 1939. |
||
| 300 |
_a70 გვ. : _b 22 სმ. |
||
| 653 | _aყვავილი -- ინფექციური დაავადება | ||
| 653 | _aმედიცინა | ||
| 653 | _aჩუტყვავილა | ||
| 942 |
_2udc _cᲬᲘᲒᲜᲘ |
||